Регионална библиотека "Любен Каравелов" - Русе

Горска къщичка (Запис номер 140112)

MARC детайли
000 -Лидер
Контролно поле с фиксирана дължина 01828nam a2200361 c 4500
003 - Код на организацията, давaща контролен номер
Контролно поле BLK
005 - Дата и час на последна редакция
Контролно поле 20241114005504.0
008 - Елементи от данни с фиксирана дължина
fixed length control field 180409b bul|||||r ||||||| ||bul||
010 ## - Наследен системен номер
LC control number KNG00146171000
040 ## - Източник на каталожния запис
Идентификатор на билиотеката - собственик на записа BLK
041 ## - Код за език
Код за езика на текст/звукозапис или на отделно заглавие Български
Код за езика КДБФ Български
080 ## - УДК
Текстов определител УДК Българска литература
УДК код - определител по УДК 821.163.2
УДК определител -93-8
УДК - код + определител 821.163.2-93-8
100 1# - Редна дума - Автор
Автор Станев, Емилиян
Пълна форма на името Станев, Никола Стоянов
Дати, свързани с автора 1907-1979
R(LIN) 363786
139 ## - Редно поле
Редна дума Станев, Емилиян
Авторски знак Стан - С 68
245 10 - Сведения за заглавието
Заглавие Горска къщичка
Подзаглавни данни Сб. приказки, разкази и стихотворения
Редно поле (дума) Емилиян Станев; ил. Борислав Стоев; * Дора Габе; * Илия Волен; * Асен Иванов Босев; * Изидора Петрова Габе.
257 ## - Страна на издаване
Страна на създаване/издаване България
260 ## - Област на издателските данни
-- София
Име на издателя, разпространителя и проч. Бълг. художник
Година на издаване 1968
300 ## - Физическа характеристика
Страници 48 с.
Илюстрации и др. с ил.
Размери/Мащаб 23Х25 см
380 ## - Жанр
Жанр Детска худож. лит.
490 1# - СЕРИИ (Колекции)
Име на серия Библиотека Златни страници
500 ## - Общи забележки
Забележка Други авт. : Дора Габе, Илия Волен, Асен Босев. - 45 000 тир.
700 1# - Други автори (авторска отговорност)
Лично име Стоев, Борислав
Автороска отговорност (Описва отношението между автора и произведението) ил.
9 (RLIN) 372214
700 ## - Други автори (авторска отговорност)
Лично име Габе, Дора Петрова
Друга информация Поетеса и писателка. Преводачка от полски език.
Дати, свързани с автора 1886-1983
Пълна форма на името Габе, Изидора Петрова
9 (RLIN) 369524
700 1# - Други автори (авторска отговорност)
Лично име Волен, Илия
Автороска отговорност (Описва отношението между автора и произведението) *
Друга информация Стаменов, Марин Христов
9 (RLIN) 377031
700 1# - Други автори (авторска отговорност)
Лично име Босев, Асен Иванов
Автороска отговорност (Описва отношението между автора и произведението) *
9 (RLIN) 363513
700 1# - Други автори (авторска отговорност)
Лично име Габе, Изидора Петрова
Автороска отговорност (Описва отношението между автора и произведението) *
9 (RLIN) 276917
852 ## - Местоположение
Форматна сигнатура Цб 260955
856 4# - Електронен адрес и достъп
Електронен формат pdf - файл
Път до файла /url/
856 4# - Електронен адрес и достъп
Електронен формат pdf - файл
Път до файла /url/
942 ## - АРТИКУЛИ
Вид на библиотечния материал Книги
Скрит в OPAC Не
944 ## - СЪЗДАВАНЕ И РЕДАКЦИЯ на ЗАПИСА
Създаване/Редакция Създаване
Дата на регистрацията/редакция 17.07.2013
Статус, дата на статуса CRON CRON
Служител, извършил регистрацията/редакцията
944 ## - СЪЗДАВАНЕ И РЕДАКЦИЯ на ЗАПИСА
Създаване/Редакция Редакция
Дата на регистрацията/редакция 29.09.2017
Статус, дата на статуса 17.07.2013 - от С1,Р / 17.07.2013
Служител, извършил регистрацията/редакцията Кети_Илиева
999 ## - СИСТЕМНИ КОНТРОЛНИ НОМЕРА
Koha biblionumber 140112
Koha biblioitemnumber 140112
Наличности
Код за отписване Код за изгубен артикул Източник на класификационната схема Код за повреда Коз за рестрикции Код за отдаване Артикулен № Име на библиотеката - собственик Име на библиотеката, в която се намира в момента Статус (Текущо местоположение) Дата на вписване в системата Местоположение - отдел Цена в лева Инвентарен номер Систематично азбучна сигнатура Баркод Номер на екземпляра Цена в евро Служебна бележка Служебен тип на артикула Бележка за публиката
  Не е изгубен Universal Decimal Classification Не е повреден без рестрикции ползва се в читалня 229630 Регионална библиотека "Любен Каравелов" Русе Регионална библиотека "Любен Каравелов" Русе Хранилище 1968-01-01 Хранилище 0.85 9333/68 Цб 260955 900000104498 1 0.43 N: стар фонд Дата: 01.01.1968 Книги  
Изтеглен Не е изгубен   Не е повреден без рестрикции заемане за дома 229631 Регионална библиотека "Любен Каравелов" Русе Регионална библиотека "Любен Каравелов" Русе   1968-01-01 Детски отдел 0.85 6623/68 ДХ 886.7/Г 69 6623/68 2 0.43 N: стар фонд Дата: 01.01.1968 Дата инв: 06.10.2015 Бележки инв: Д2015 Книги Отч.N: 41/2017 , Дата: 08.09.2017
Изтеглен Не е изгубен   Не е повреден без рестрикции заемане за дома 229632 Регионална библиотека "Любен Каравелов" Русе Регионална библиотека "Любен Каравелов" Русе Детски отдел 1968-01-01 Детски отдел 0.85 6626/68 ДХ 886.7/Г 69 6626/68 3 0.43 N: стар фонд Дата: 01.01.1968 Дата инв: 23.09.2015 Бележки инв: Д2015 Книги  
Изтеглен Не е изгубен Universal Decimal Classification Не е повреден без рестрикции заемане за дома 229633 Регионална библиотека "Любен Каравелов" Русе Регионална библиотека "Любен Каравелов" Русе Детски отдел 1968-01-01 Детски отдел 0.85 6628/68 ДХ 886.7/Г 69 900000103157 4 0.43 N: стар фонд Дата: 01.01.1968 Дата инв: 23.09.2015 Бележки инв: Д2015 Книги  
Vip Innovations Ltd, Rousse, Bulgaria 2025